01239cam a22003134a 4500999001700000001000900017003000400026005001700030008004100047010001700088020004000105040001800145042000800163043001200171050002700183082002500210100002400235245012700259246004700386260005400433300005300487504002000540600003200560650004100592856007700633906004500710942004000755952013000795 c22753d2275313897084OSt20170124154538.0050311s2005 kyua 001 0beng  a 2005006834 a0813123550 (hardcover : alk. paper) aDLCcDLCdDLC apcc an-us---00aNC1766.U52bF5834 200500a791.43/34/092aB2221 aFleischer, Richard.10aOut of the inkwell :bMax Fleischer and the animation revolution /cRichard Fleischer ; with a foreword by Leonard Maltin.30aMax Fleischer and the animation revolution aLexington :bUniversity Press of Kentucky,c2005. axii, 184 p., [16] p. of plates :bill. ;c23 cm. aIncludes index.10aFleischer, Max,d1883-1972. 0aAnimatorszUnited StatesvBiography.413Table of contentsuhttp://www.loc.gov/catdir/toc/ecip059/2005006834.html a7bcbccorignewd1eecipf20gy-gencatlg 2lcccBOOKShNC 1766 .U52 F5834 2005 00102lcc4070aMUCbMUCcGENd2017-01-24eDonation(B.F.A)l0oNC 1766 .U52 F5834 2005p32146r2017-01-24w2017-01-24yBOOKS